banner-ar

شيطان المسرح : كتاب نقدى عن المسرح فى العالم / (Record no. 49021)

MARC details
000 -الفاتح
حقل البيانات ثابتة الطول 00858nam a2200253Ia 4500
008 - عناصر البيانات ثابتة الطول - معلومات عامة
حقل البيانات ثابتة الطول 140319s9999 xx 000 0 ara d
040 ## - مصدر الفهرسة
وكالة الفهرسة الأصلية GCL /
وكالة النسخ GCL
082 04 - رقم تصنيف ديوى العشرى
رقم التصنيف 792.9
رقم المادة ر ش
100 1# - المدخل الرئيسى - إسم شخصى
الإسم الشخصى رياض عصمت
245 10 - بيان العنوان
العنوان شيطان المسرح : كتاب نقدى عن المسرح فى العالم /
بيان المسئوليه,etc رياض عصمت
300 ## - الوصف المادى
التعداد 662 ص
490 ## - بيان السلسلة
عنوان السلسلة الهيئة العامة للاستعلامات
رقم المجلد/ التعيين التسلسلي 0
650 04 - المدخل الاضافى بالموضوع-مصطلح موضوعى
مصطلح موضوعي المسرح الفرنسى
650 04 - المدخل الاضافى بالموضوع-مصطلح موضوعى
مصطلح موضوعي المسرح
650 04 - المدخل الاضافى بالموضوع-مصطلح موضوعى
مصطلح موضوعي المسرح الانجليزى
650 04 - المدخل الاضافى بالموضوع-مصطلح موضوعى
مصطلح موضوعي الفنون
650 04 - المدخل الاضافى بالموضوع-مصطلح موضوعى
مصطلح موضوعي المسرح - نقد
650 04 - المدخل الاضافى بالموضوع-مصطلح موضوعى
مصطلح موضوعي المسرح - بولونيا
650 04 - المدخل الاضافى بالموضوع-مصطلح موضوعى
مصطلح موضوعي المسرح - المانيا
650 04 - المدخل الاضافى بالموضوع-مصطلح موضوعى
مصطلح موضوعي المسرح - البرازيل
650 04 - المدخل الاضافى بالموضوع-مصطلح موضوعى
مصطلح موضوعي المسرح - الولايات المتحدة الامريكية
942 ## - عناصر المدخل الإضافي( كوها)
مصدر التصنيف او مخطط الترفيف Dewey Decimal Classification
Koha [default] item type كتاب
Holdings
حالة التراجع حالة الفقد حالة تلف ليس للاعارة المكان المؤقت الموقع الحالى تاريخ الاكتساب اجمالي اﻻعارات رقم الطلب الباركود تاريخ اخر مشاهدة تاريخ تفعيل السعر نوع وعاء كوها
        مكتبة القاهرة الكبرى مكتبة القاهرة الكبرى 03/26/2014   792.9\ر ش 117917 03/26/2014 03/26/2014 كتاب

Powered By

EGPV